000 01194nam0a22003011 4500
001 RU\INFOCOMM_322\NLR\5000175800
005 20250613110543.0
035 _a(NLR Aleph) 009566979
090 _a9104990
_c9104990
100 _a20130213d1969 |||y0rusy50 ca
101 0 _afre
102 _aRU
105 _ay z |||||
200 1 _aLeur arme, c`est la chanson
_eL'Ensemble de chants et de danses de l'Armée Soviétique Alexandrov
210 _a[M.]
_cÉd. de la Agence de presse "Novosti"
_d[1969]
215 _a[88] с.
_cил.
_d23 см
300 _aНа тит. л. и обл. сост. не указан
300 _aНа последней с. обл..: Л. Малышева. Их оружие - песня
601 0 2 _aКраснознаменный им. А.В. Александрова ансамбль песни и пляски Советской армии
_2nlr_sh1
620 _aМосква
686 _aИс-10-374
_2rubbk
700 1 _aMalyševa
_bL.
712 0 2 _aL'Ensemble de chants et de danses de l'Armée Soviétique
_cMoscou
_4570
801 1 _aRU
_bInfocomm
_c20130213
801 0 _aRU
_bINFOCOMM
_gPSBO
852 _aNLR
_jИс81 Д-6/8
942 _cBOOK
980 _aNB